00425cam a2200157ua 45000010005000000080039000050400009000440820013000531000026000662450059000922500009001512600037001603000017001976530018002146530035002323875111207n ii |||gr||||Z||||||asm cMAIN a891.45111 aSarma, Basanta Kumar,11aTennyson aru Browringor kabitacby Basanta Kumar Sarma a1st. aGuwahati:bSarada Prakashan,997. a173p:c23cm. aAssamese poem aTennyson aru Browringor kabita